De l'Influence du change sur le marché monétaire / (Record no. 31333)

MARC details
000 -LEADER
campo de control de longitud fija 00569nam a2200181 i 4500
001 - NÚMERO DE CONTROL
campo de control 31333
003 - IDENTIFICADOR DE NÚMERO DE CONTROL
campo de control ES-MaACL
005 - FECHA Y HORA DE LA ÚLTIMA TRANSACCIÓN
campo de control 20251005063034.0
007 - CAMPO FIJO DE DESCRIPCIÓN FÍSICA--INFORMACIÓN GENERAL
campo de control de longitud fija t|
008 - DATOS DE LONGITUD FIJA--INFORMACIÓN GENERAL
campo de control de longitud fija 201006s1868 fr ||||1| fre d
100 1# - ENTRADA PRINCIPAL--NOMBRE DE PERSONA
Nombre de persona Wolowski, Louis,
Fechas asociadas al nombre 1810-1876
9 (RLIN) 154526
245 10 - MENCIÓN DEL TÍTULO
Título De l'Influence du change sur le marché monétaire /
Mención de responsabilidad, etc. par M. L. Wolowski.
260 ## - PUBLICACIÓN, DISTRIBUCIÓN, ETC.
Lugar de publicación, distribución, etc. Paris :
Nombre del editor, distribuidor, etc. Impr. de J. Claye,
Fecha de publicación, distribución, etc. 1868.
300 ## - DESCRIPCIÓN FÍSICA
Extensión 31 p. ;
Dimensiones cm.
500 ## - NOTA GENERAL
Nota general Extrait de la "Revue des Deux Mondes", 15 septembre 1868.
852 ## - LOCALIZACIÓN
Ubicación ES-MaACL
Número de control de estantería T-1284-F-12
Holdings
Estatus retirado Estado de pérdida Estado de daño No para préstamo Colección Biblioteca de origen Biblioteca actual Ubicación en estantería Fecha de adquisición Fuente de adquisición Total de préstamos Signatura topográfica completa Código de barras Visto por última vez Precio de reemplazo Tipo de ítem Koha
        Colección de folletos Biblioteca del Ateneo de Madrid Biblioteca del Ateneo de Madrid Depósito folletos 10/06/2005     T-1284-F-12 1202117 23/02/2023 23/02/2023 Folleto